00165nam a2200073Ia 4500008004100000041000800041100002100049245002100070250605s9999 xx 000 0 und d aeng aSanchit Mehrotra aTejas Vidyut LLP